| 000 | 00579nam a22001937a 4500 | ||
|---|---|---|---|
| 003 | LK-CoDNM | ||
| 005 | 20250228114606.0 | ||
| 008 | 250228b |||||||| |||| 00| 0 eng d | ||
| 040 |
_aLK-CoDNM _dLK-CoDNM _eLK-CoDNM |
||
| 041 | _adut | ||
| 080 |
_aRC _b599 |
||
| 100 | _aKarel R. van Kooij, Roelof J. Munneke, Leelananda Prematilleke, Roland Silva | ||
| 245 | _aThe Wise and the Gods | ||
| 246 | _aBuddhist and Hindu Bronzes from Sri Lanka | ||
| 260 |
_aBrussel _bBank Brussel Lambert _c1994 |
||
| 300 | _axxvi, 96p : ill ; map ; 30 cm | ||
| 650 | _aBronzes | ||
| 942 | _cBK | ||
| 999 |
_c238515 _d238515 |
||